Focus (Record no. 83489)
[ view plain ]
| 000 -LEADER | |
|---|---|
| fixed length control field | 00995cab a22002055a 4500 |
| 001 - CONTROL NUMBER | |
| control field | L154085 |
| 008 - FIXED-LENGTH DATA ELEMENTS--GENERAL INFORMATION | |
| fixed length control field | 111012e20111008xxk 000 0 eng d |
| 035 ## - SYSTEM CONTROL NUMBER | |
| System control number | (Sirsi) u154085 |
| 041 0# - LANGUAGE CODE | |
| Language code of text/sound track or separate title | eng |
| 100 1# - MAIN ENTRY--PERSONAL NAME | |
| Personal name | Pilkington, Lisa |
| 245 00 - TITLE STATEMENT | |
| Title | Focus |
| Remainder of title | East Midlands |
| 260 ## - PUBLICATION, DISTRIBUTION, ETC. | |
| Date of publication, distribution, etc. | 2011 |
| 490 ## - SERIES STATEMENT | |
| Series statement | Estates Gazette |
| Volume/sequential designation | (1140) 8 October 2011, 77-93(14) |
| 520 ## - SUMMARY, ETC. | |
| Summary, etc. | Profiles David Bishop, Nottingham City Council's new corporate director for development. Outlines plans for three new East Midlands enterpise zones South East Midlands, Leicester and Leicestershire and Nottingham, Nottinghamshire Derby and Derbyshire and redevelopment of Silverstone race track and a general overview of retail and office markets including the Broadmarsh and Victoria Centre in Nottingham. Market in numbers looks at office and industrial availability, take-up and rents and retail rents. |
| 590 ## - LOCAL NOTE (RLIN) | |
| Local note | KA |
| 651 #4 - SUBJECT ADDED ENTRY--GEOGRAPHIC NAME | |
| Geographic name | DERBYSHIRE |
| 651 #4 - SUBJECT ADDED ENTRY--GEOGRAPHIC NAME | |
| Geographic name | NOTTINGHAMSHIRE |
| 690 ## - LOCAL SUBJECT ADDED ENTRY--TOPICAL TERM (OCLC, RLIN) | |
| Topical term or geographic name as entry element | PROPERTY-INFRASTRUCTURE |
| 942 ## - ADDED ENTRY ELEMENTS (KOHA) | |
| Suppress in OPAC | 0 |
| Withdrawn status | Lost status | Source of classification or shelving scheme | Damaged status | Not for loan | Home library | Current library | Shelving location | Date acquired | Total Checkouts | Full call number | Barcode | Date last seen | Copy number | Price effective from | Koha item type |
|---|---|---|---|---|---|---|---|---|---|---|---|---|---|---|---|
| Dewey Decimal Classification | London | London | Journal article | 12/10/2011 | L154085 | 154085-1001 | 06/08/2019 | 1 | 06/08/2019 | Journal article |